000 00366nam a22001457a 4500
005 20160215124452.0
008 160215b xxu||||| |||| 00| 0 eng d
040 _cPK-LaUMT
082 _aAMC 959.7043
_bPHA-S
100 _aPham van dong
245 _aSelected writings
_cPham van dong
260 _aHanoi
_bForeign languages
_c1977
300 _a410 p.
942 _cBK
999 _c82812
_d82812